书目信息 |
| 题名: |
灵枢经校释
|
|
| 作者: | ;河北医学院 校释 | |
| 分册: | 下册 | |
| 出版信息: | 北京 人民卫生出版社 1982 |
|
| 页数: | 479页 | |
| 开本: | 19cm | |
| 丛书名: | ||
| 单 册: | ||
| 中图分类: | R221.2 | |
| 科图分类: | ||
| 主题词: | ||
| 电子资源: | ||
| ISBN: | ||
| 000 | 00594nam0 2200217 45 | |
| 001 | 0182005589 | |
| 005 | 20070721153609.84 | |
| 091 | @aCN@b14048.4042@d1.55 | |
| 100 | @a19950407d1982 em y0chiy0121 ea | |
| 101 | 0 | @achi |
| 102 | @aCN@b110000 | |
| 105 | @ay z 000yy | |
| 200 | 10 | @a灵枢经校释@Aling shu jing jiao shi@h下册@f河北医学院校释 |
| 210 | @a北京@c人民卫生出版社@d1982 | |
| 215 | @a479页@d19cm | |
| 605 | @a灵枢经@x注释 | |
| 690 | @aR221.2@v3 | |
| 711 | 02 | @a河北医学院@Ahe bei yi xue yuan@4校释 |
| 801 | 2 | @aCN@bNLC@c20070721 |
| 801 | 0 | @aCN@bTSSF |
| 905 | @a10447@dR221.2@e222:2 | |
| 灵枢经校释.下册/河北医学院校释.-北京:人民卫生出版社,1982 |
| 479页;19cm |
| ISBN : |
| ● |
| 相关链接 |
|
|
|
|
正题名:灵枢经校释
索取号:R221.2/222:2
 
预约/预借
| 序号 | 登录号 | 条形码 | 馆藏地/架位号 | 状态 | 备注 |
| 1 | 0767578 | 207675782 | 第二样本阅览室/ [索取号:R221.2/222:2] | 在馆 |